000 01801nam a2200349 c 4500
003 BLK
005 20250218102902.0
008 180408b bul|||||r ||||||| ||bul||
010 _aKNG00097868000
040 _aBLK
041 _aBUL
_cBUL
080 _aЦивилизация. Култура. Прогрес. История на културата вж 930.85
_b008
_x
_z008
080 _aИстория на изкуството (периоди и фази). Художествени стилове и влияния
_b7.03
_x
_z7.03
100 1 _aКларк, Кенет Маккензи
_eпърви автор
_9280579
700 _aДоспевска, Нели Станиславова
_d1915-1988
_9261711
139 _aКларк, Кенет Маккензи
_bК 63
245 1 0 _aЦивилизацията
_bЕдно лично гледище за развитието на културата и изкуството на народите на Зап. Европа
_cКенет Маккензи Кларк; прев. от англ. Нели Станиславова Доспевска.
257 _aGBR
260 София
_bБълг. художник
_c1977
300 _a400 с.
_bс ил., 22 л. : репрод.
_c24 см
380 _a0
500 _aОриг. загл. Civilisation. - 40 000 тир. - Именен, предм. и геогр. показалци.
650 4 _aКултура, западноевропейска
_9293789
651 0 _aЗападна Европа
_9243454
653 _aкултура
852 _aЦб 89714
856 4 _qpdf
_u
856 4 _qpdf
_u
942 _cKNG
_n0
_09
944 _aCR
_c08.11.2010
_lГеновева Генчева
_k30560
944 _aED
_c14.09.2017
_lф / 05.11.2010
_kЛюдмила_Стоянова
999 _c93079
_d93079